[Event "Olympiad-36"]
[Site "Mallorca"]
[Date "2004.10.27"]
[Round "12"]
[White "Nataf, Igor Alexandre"]
[Black "Spasov, Vasil"]
[Result "1/2-1/2"]
[WhiteElo "2565"]
[BlackElo "2534"]
[Annotator "Rogozenco,D"]
[PlyCount "60"]
[EventDate "2004.10.15"]
[EventType "team-swiss"]
[EventRounds "14"]
[EventCountry "ESP"]
[SourceTitle "CBM 104"]
[Source "ChessBase"]
[SourceDate "2005.01.27"]
[SourceVersion "1"]
[SourceVersionDate "2005.01.27"]
[SourceQuality "1"]
[WhiteTeam "France"]
[BlackTeam "Bulgaria"]
[WhiteTeamCountry "FRA"]
[BlackTeamCountry "BUL"]

1. e4 c5 2. Nf3 Nc6 3. d4 cxd4 4. Nxd4 Nf6 5. Nc3 e5 6. Ndb5 d6 7. Bg5 a6 8.
Na3 b5 9. Bxf6 gxf6 10. Nd5 f5 11. Bd3 Be6 12. O-O Bxd5 13. exd5 Ne7 14. c3 Bg7
15. Qh5 e4 16. Bc2 O-O 17. Rae1 Qc8 18. f3 {This move leads to a forced play
and requires very precise play from Black. In the past few years 18.f3 was
analyzed by several Dutch players, but it has never been used on the high
level. The present game is important for the theory.} b4 $1 (18... Nxd5 19.
fxe4 Qc5+ 20. Rf2 Ne3 21. exf5 $1 Rae8 22. Ree2 b4 (22... Bxc3 23. bxc3 Qxa3
24. Qg5+ Kh8 25. Qf6+ Kg8 26. h3 $16) 23. cxb4 Qd5 24. Bb3 Qd4 25. Nc2 Nxc2 26.
Rxe8 {1-0 De la Villa Garcia,J-Gomez,J/Spain 1993}) (18... Ng6 $5 19. fxe4 f4 {
with some typical compensation for the pawn, 1-0 Bujdak,P-Burmako,E/IECG Email
2000 (39).}) 19. cxb4 (19. Nb1 bxc3 20. bxc3 (20. fxe4 cxb2 21. exf5 Nxd5 22.
Bb3 Qc5+ 23. Kh1 Rae8 $17 {1/2-1/2 Gomez Anadon,D-Fluvia Poyatos,J/Mondariz
Balneario 2002 (61)}) 20... Nxd5 21. fxe4 Qc5+ 22. Kh1 Ne3 23. Rf2 (23. Rxe3
Qxe3 24. Qxf5 Qh6 25. Bb3 Be5 $19 {0-1 Joecks,C-Hansen,S/Hamburg 1999 (44)})
23... Nxc2 24. Rxc2 fxe4 25. Qxc5 dxc5 26. Rxe4 Rfd8 $17 {1/2-1/2 Mohr,
G-Ankerst,M/Ljubljana 1997 (46)}) (19. fxe4 bxa3 20. exf5 Qc5+ 21. Kh1 Nxd5 $19
{0-1 Bromann,T-Nielsen,M/Ringsted 1998 (28)}) 19... Bxb2 20. fxe4 Bxa3 21. Re3
Qxc2 (21... Bb2 22. Rh3 Rd8 23. Qxh7+ Kf8 24. Bb3 Bd4+ (24... Qb7 25. exf5 {
[%cal Gf5f6]} Qb6+ (25... Bf6 26. Rg3 {[%cal Gh7h6]} Qb6+ 27. Kh1 Qd4 28. Bd1
$1 $40) 26. Kh1 Qb5 27. Rhf3 Bf6 (27... f6 28. Re1 $18) 28. g4 $5 $18) 25. Kh1
Ng8 26. Rd3 Be5 27. Rxf5 Nf6 $2 ({After} 27... f6 {the position remains
double-edged.}) 28. Qh6+ Ke7 29. Rdf3 $18 {1-0 Van Blitterswijk,S-De Vreugt,D/
Arnhem 1996 (33)}) 22. Rg3+ Ng6 23. Rh3 {This is the key position for the
entire variation. Now it is very important for Black where to place the rook
from f8.} Rfd8 $1 $146 {[%mdl 8] Finally the correct move mentioned by
Yakovich in year 2002 is played in the practice, after which a draw is the
most White can hope for. I believe this novelty will close the issue of 18.f3.}
(23... Rfc8 $2 {The wrong square:} 24. exf5 Ne5 25. Qg5+ Kf8 26. Rxh7 Ke8 27.
Qg8+ Kd7 28. Rxf7+ Nxf7 29. Qxf7+ Kd8 30. Re1 {1-0 L'Ami,E-Malakhatko,V/Kavala
2003}) (23... Rfe8 $2 24. exf5 Re2 (24... Ne5 25. Qg5+ Kf8 26. Rxh7 $18) 25.
Qxh7+ Kf8 26. Qh6+ (26. f6 $4 Rxg2+ 27. Kh1 Rg4 $3 {The winning move.} (27...
Qe4 $2 28. Qh6+ $1 Ke8 29. Re3 $18 {1-0 Timmermans,I-Gabrielsen,T/Port Erin
2003 (33)}) 28. Qg7+ Ke8 29. Qg8+ Kd7 30. Qxf7+ Kd8 (30... Kc8 $2 31. Qe6+ $18)
) (26. fxg6 $18) 26... Ke8 27. fxg6 Rxg2+ 28. Kh1 $18) (23... Rfb8 $6 {leaves
White with a larger choice than in the game.} 24. exf5 ({also interesting is} 
24. Qxh7+ Kf8 25. Rh5 f4 (25... Ne5 $2 26. Rhxf5 Ra7 27. Qh8+ Ke7 28. Qxb8 $18)
(25... Nf4 26. Rxf4 Rxb4 (26... Qd1+ $2 27. Rf1 Qd4+ 28. Kh1 f4 29. e5 $18) (
26... Bxb4 27. Rhxf5 Bc5+ 28. Kh1 Rb1+ 29. Rf1 Rxf1+ 30. Rxf1 Ra7 $13) 27.
Rhxf5 Rb1+ 28. Rf1 Rxf1+ 29. Rxf1 Ra7 {and the draw is the most optimal
decision for White, although he can try to play on with a piece down for the
long-lasting initiative.} 30. Qh8+ Ke7 31. Qh4+ Ke8 32. Qh8+ Ke7 33. Qf6+ Ke8
$11) 26. Rf5 Ne5 27. R1xf4 (27. R5xf4 Qc7 28. Qh8+ Ke7 29. Qh4+ Ke8 30. Qh8+
Ke7 31. Qh4+ $11) 27... Qd1+ (27... Qc7 28. Rxe5 $1 dxe5 29. d6 Qc1+ 30. Rf1
Qxf1+ 31. Kxf1 f6 32. Ke2 Bxb4 33. Qe7+ Kg8 34. Qxf6 $16) 28. Rf1 Qxf1+ 29.
Kxf1 Bxb4 30. Qh8+ Ke7 31. Rxe5+ $5 dxe5 32. Qxe5+ {and again White can decide
whether to have a draw or play on.}) 24... Nf4 (24... Ne5 25. Qg5+ Kf8 26. Rxh7
Ke8 27. Re1 $5 $40) 25. Qg5+ Kf8 26. Qxf4 Bxb4 $8 (26... Bb2 27. Qxd6+ Kg8 28.
Qg3+ Kf8 29. f6 $18) 27. Kh1 $1 {and White has a very good compensation for
the bishop.}) 24. Qxh7+ ({The idea} 24. exf5 Ne5 25. Qg5+ Kf8 26. Rxh7 {
does not work now because black has square c8 available for the king, in
opposite to L'Ami-Malakhatko.} Ke8 27. Qg8+ Kd7 28. Rxf7+ Nxf7 29. Qxf7+ Kc8
$19) 24... Kf8 25. Rh5 (25. exf5 Ne5) 25... Ne5 {Offering White the chance to
give perpetual.} (25... Nf4 $2 26. Rxf4 Ra7 (26... Bxb4 27. Rhxf5 $18) (26...
Qd1+ 27. Rf1 Qd4+ 28. Kh1 f4 29. e5 $18) 27. Rhxf5 $18) (25... f4 $5 {This
move deserved serious attention, since it is not trivial for White to find a
convincing continuation for attack. For instance:} 26. Rf5 Ne5 (26... Ra7 $5
27. Qxg6 Bc1 28. Kh1 Qc4 $13) 27. R5xf4 Ra7 28. Qh8+ Ke7 29. Qh4+ Kd7 30. Qh3+
Kc7 31. Qxa3 Kb8 $15 {The powerful knight on e5 should be worth more than
three pawns.}) (25... Ra7 26. Rhxf5 Ne5 {is the same as 25...Ne5}) 26. Rhxf5
Ra7 27. Rxe5 {The correct decision to force the draw.} ({There is no point for
White to play} 27. Rg5 Nf3+ $1 {closing the f-file} (27... Bxb4 28. Rg8+ Ke7
29. Qh4+ $18) 28. gxf3 (28. Rxf3 $2 Qc1+ 29. Rf1 Qxg5 $19) 28... Bb2 {and
Black's chances are at least not worse}) 27... dxe5 28. Qh8+ Ke7 29. Qxe5+ Kf8
30. Qh8+ Ke7 1/2-1/2

[Event "Olympiad-36"]
[Site "Mallorca"]
[Date "2004.10.20"]
[Round "6"]
[White "Paragua, Mark"]
[Black "Schandorff, Lars"]
[Result "1-0"]
[WhiteElo "2534"]
[BlackElo "2510"]
[Annotator "Rogozenco,D"]
[PlyCount "105"]
[EventDate "2004.10.15"]
[EventType "team-swiss"]
[EventRounds "14"]
[EventCountry "ESP"]
[SourceTitle "CBM 104"]
[Source "ChessBase"]
[SourceDate "2005.01.27"]
[SourceVersion "1"]
[SourceVersionDate "2005.01.27"]
[SourceQuality "1"]
[WhiteTeam "Philippines"]
[BlackTeam "Denmark"]
[WhiteTeamCountry "PHI"]
[BlackTeamCountry "DEN"]

1. e4 c5 2. Nf3 Nc6 3. d4 cxd4 4. Nxd4 Nf6 5. Nc3 e5 6. Ndb5 d6 7. Bg5 a6 8.
Na3 b5 9. Bxf6 gxf6 10. Nd5 f5 11. Bd3 Be6 12. Qh5 Rg8 13. g3 Nd4 14. c3 fxe4
15. Bxe4 Bg4 16. Qxh7 Rg7 17. Qh6 Nf3+ 18. Ke2 Ng5+ 19. f3 Nxe4 20. fxg4 Qc8
21. Qe3 Qxg4+ 22. Qf3 Qxf3+ 23. Kxf3 f5 24. Nc2 Kf7 25. Nde3 {Asrian's novelty
represents White's latest attempt to fight against the line starting with 13...
Nd4. The idea behind 25.Nde3 is that often the apparently strong knight on d5
needs protection and therefore White retreats it at once. Next he will exert
pressure on Black's central pawns, using various tactical motifs.} (25. Nce3
Nf6 $1 $11) (25. a4 Ke6 $11) 25... Ng5+ $146 {If I am not mistaken, Cifuentes
was the first one to suggest this check as a possible improvement over
Asrian-Van Wely given below.} (25... Ke6 26. Nxf5 Ng5+ 27. Kg4 Rg8 28. Rhf1 d5
29. Rae1 Ne4+ 30. Kh3 Bc5 31. Kg2 Raf8 32. Nfe3 b4 {This pawn sac is probably
not necessary yet.} 33. Nxd5 {1/2-1/2 Asrian,K-Van Wely,L/Moscow 2004. The
final position is slightly better for White.}) 26. Kg2 $1 ({Cifuentes analyzed
only} 26. Ke2 Ke6 27. Rhf1 ({After} 27. a4 bxa4 28. Rxa4 Rh7 {Black gets
sufficient counterplay.}) 27... Rf7 28. a4 Rc8 29. axb5 axb5 30. Ra5 Ne4 $1 $13
) 26... Ke6 $6 {Black probably didn't realize the difference between the king
on g2 and king on e2. Now Paragua builds up a strong pressure on the open
central files.} (26... f4 $1 {was called for, using the drawback of the king's
position on g2.} 27. gxf4 (27. Rhf1 Ne4 28. Kh1 $140 Rh7 $1) 27... Ne6+ 28. Kf3
Nxf4 29. a4 bxa4 30. Rxa4 Rh7 $11) 27. Rhf1 Rf7 28. Rae1 $1 {After this strong
move there is no acceptable defence against the threat 29.Nxf5 Rxf5 30.Nd4+.}
f4 $2 {Black is trying to save the pawn, but he will lose it anyway and under
much worse circumstances.} ({Black does not seem to have sufficient
compensation for the pawn after} 28... Ne4 29. Nxf5 Rxf5 30. Rxe4 Rxf1 31. Kxf1
d5 32. Rg4 {although this was better that the game, since Black keeps
reasonable chances to survive.}) 29. gxf4 Rxf4 (29... exf4 30. Nd4+ Kd7 31. Nd5
{is no fun either.}) 30. Rxf4 exf4 31. Nd4+ Kf7 (31... Kd7 32. Nd5 $18) 32. Nd5
Bg7 33. Re7+ Kf8 34. h4 Nf7 (34... f3+ 35. Nxf3 Nxf3 36. Kxf3 $18) (34... Bxd4
35. hxg5 Be5 36. g6 $18) 35. Ne6+ Kg8 36. Nexf4 $18 a5 37. a3 b4 38. Rb7 bxa3
39. bxa3 Be5 40. Ng6 Kg7 41. h5 a4 42. Nh4 Rf8 43. Nf5+ Kh8 44. Nde7 Re8 45. c4
Bf6 46. Ng6+ Kg8 47. Rxf7 Kxf7 48. Nxd6+ Ke6 49. Nxe8 Bb2 50. c5 Kd7 51. h6
Kxe8 52. h7 Kd7 53. Kf3 1-0

[Event "Serbian-ch 29th"]
[Site "Sabac"]
[Date "1998.04.30"]
[Round "11"]
[White "Vuckovic, Bojan"]
[Black "Simic, Radoslav"]
[Result "1/2-1/2"]
[WhiteElo "2320"]
[BlackElo "2435"]
[Annotator "Rogozenco,D"]
[PlyCount "51"]
[EventDate "1998.04.20"]
[EventType "tourn"]
[EventRounds "13"]
[EventCountry "YUG"]
[EventCategory "9"]
[SourceTitle "CBM 065"]
[Source "ChessBase"]
[SourceDate "1998.08.06"]
[SourceVersion "1"]
[SourceVersionDate "1998.08.06"]
[SourceQuality "1"]

1. e4 c5 2. Nf3 Nc6 3. d4 cxd4 4. Nxd4 Nf6 5. Nc3 e5 6. Ndb5 d6 7. Bg5 a6 8.
Na3 b5 9. Nd5 Be7 10. Bxf6 Bxf6 11. c3 O-O 12. Nc2 Rb8 13. h4 Be7 {Looks a bit
strange, but Black has a very clear idea. He wants to regroup his pieces with
Be6, Qd7, Bd8-b6, Ne7. In the practice White couldn´t prove any advantage up
to this moment.} (13... Ne7 14. Nxf6+ gxf6 15. Bd3 $14 {Kasparov-Lautier/
Moskow olm/1994}) (13... g6 14. g3 Be6 15. h5 Bg7 16. Bh3 $14 {Polgar,
J-Illescas/Leon/1996}) 14. g3 (14. Nce3 Be6 15. g3 Qd7 16. Qf3 Bd8 $1 17. h5 h6
18. Nf5 (18. Bd3 Ne7 19. Nxe7+ Bxe7 20. O-O Bg5 $10) 18... Bxf5 19. Qxf5 (19.
exf5 $6 e4 $36) 19... Qxf5 20. exf5 Ne7 $10 {Tiviakov,S-Yakovich,Y/Elista
RUS-ch/1997}) (14. Bd3 f5 (14... Be6 15. Nce3 Qd7 16. a4 Bd8 17. axb5 axb5 18.
h5 Kh8 19. Qf3 Bg5 20. Qg3 h6 $11 {Kengis,E-Schandorff,L/Skolernes Skakklub/
1997}) 15. exf5 Bxf5 16. Bxf5 Rxf5 17. Ncb4 Nxb4 18. Nxb4 Qb6 $36 {Dussart,
F-Ottosson,S/Canaries olJ-U16/1995}) 14... Be6 15. Qd3 (15. Bh3 Qd7 16. Bxe6
fxe6 17. Nxe7+ Nxe7 $11) 15... Qd7 16. Rd1 Bd8 17. Nce3 Ne7 {Black finished
easily his plan. The position is equal.} 18. Bg2 (18. Nxe7+ Bxe7 19. Nd5 Bd8
20. Bg2 Bb6 21. O-O a5 $11) 18... Nxd5 19. Nxd5 b4 $5 (19... Bb6 20. O-O a5 $11
) 20. cxb4 (20. Nxb4 $2 a5 $132) 20... a5 21. a3 axb4 22. Nxb4 (22. axb4 $6
Bxd5 23. Qxd5 Rxb4 24. Qxd6 Qxd6 25. Rxd6 Rxb2 26. O-O Bb6 $17) 22... Ba5 23.
O-O Bxb4 24. axb4 Rfd8 25. Rd2 Rxb4 26. Rfd1 1/2-1/2

[Event "FIDE-Wch k.o."]
[Site "Tripoli"]
[Date "2004.06.20"]
[Round "1.2"]
[White "Motylev, Alexander"]
[Black "Hamdouchi, Hicham"]
[Result "0-1"]
[WhiteElo "2649"]
[BlackElo "2544"]
[Annotator "Rogozenco,D"]
[PlyCount "94"]
[EventDate "2004.06.19"]
[EventType "k.o."]
[EventRounds "7"]
[EventCountry "LBY"]
[SourceTitle "CBM 102"]
[Source "ChessBase"]
[SourceDate "2004.09.23"]
[SourceVersion "1"]
[SourceVersionDate "2004.09.23"]
[SourceQuality "1"]

1. e4 c5 2. Nf3 Nc6 3. d4 cxd4 4. Nxd4 Nf6 5. Nc3 e5 6. Ndb5 d6 7. Bg5 a6 8.
Na3 b5 9. Bxf6 gxf6 10. Nd5 Bg7 (10... f5 11. g3 fxe4 $1) 11. g3 O-O (11... f5
12. exf5 Bxf5 13. Bg2 Be6 14. c3 O-O 15. Nc2 $13 {/+/=}) (11... Ne7 12. Nxe7
Qxe7 13. Bg2 O-O 14. c3 $13 {/+/=}) 12. Bg2 f5 13. exf5 e4 14. f6 (14. c3 Bxf5
15. O-O Ne5 $11) (14. Qh5 Re8 15. O-O-O $13) 14... Bxf6 15. c3 (15. Nxf6+ Qxf6
16. O-O Qe5 (16... Re8 17. c3 Bb7 18. Nc2 Ne5 19. Qd4 Qg6 20. Ne3 f5 21. Nd5
Bxd5 $1 22. Qxd5+ Kh8 $14 {/= 0-1 Rodriguez Vinuesa,A-Collins,S/Copenhagen
2002 (58)}) 17. c3 f5 18. Qh5 (18. Nc2 f4 $1 19. Nd4 Nxd4 20. cxd4 Qd5 21. f3
e3 $17 {1-0 Muntslag,A-De Vreugt,D/Nijmegen 1993 (36)}) 18... Be6 19. Nc2 b4
$132 {1-0 Brikov,I-Tokarev,I/Tula 2002 (32)}) 15... Bg7 16. O-O f5 17. f3 exf3
18. Qxf3 $14 Rb8 (18... Ne5 19. Nf6+ Bxf6 20. Qxa8 Qb6+ 21. Kh1 Ng4 22. Qd5+
Rf7 23. Qc6 Qb8 24. Rae1 Ne5 25. Qd5 $18 {1-0 Mikhaletz,L-Czebe,A/Budapest
1998 (41)}) 19. Nc2 Kh8 20. Rae1 $146 (20. Rad1 a5 21. a3 Be6 22. Kh1 Ne5 23.
Qe2 $2 f4 $1 24. gxf4 Bg4 {0-1 Fogarasi,T-Ni Hua/Budapest 2000 (48)}) 20... a5
21. Qh5 b4 22. cxb4 axb4 (22... Bxb2 23. Rb1 Bg7 24. b5 $16) 23. b3 Bd7 24. Kh1
Qa5 25. Nce3 Rbe8 26. Nc4 $1 {Great play from White. Unfortunately Alexander
will soon spoil it all.} Qxa2 27. Nf4 Rxe1 28. Rxe1 Rf6 {[%mdl 8192]} 29. Nb6
$4 {[%csl Rb6,Re1] Just blundering a piece - a very rare case in Motylev's
practice.} (29. Qd1 $1 {White's chances are better. All his pieces are
extremely active, which represents here more than enough compensation for the
pawn. Black completely lacks coordination. Besides, all his pawns are weak.}) (
29. Nxd6 $6 Ne5 $1 (29... Rxd6 $4 30. Re8+ $18) 30. Qd1 Ng4 $1 31. Qd5 Nf2+ 32.
Kg1 Rxd6 $1 (32... Qa7 33. Qa8+ Qxa8 34. Bxa8 Rxd6 35. Kxf2 $11) 33. Qxd6 Qa7
$40) 29... Qf2 $1 $19 {Game over.} 30. Ra1 Qxb6 31. Ra8+ Nb8 32. h4 Qd8 33. Qd1
Rf8 34. Qxd6 Bc6 35. Qxd8 Rxd8 36. Ra5 Rd1+ 37. Kh2 Rd2 38. Kh3 Bh6 39. Bxc6
Bxf4 40. Bf3 Bd6 41. Rxf5 Rd3 42. h5 Kg7 43. Bd5 h6 44. Bc4 Rxg3+ 45. Kh4 Re3
46. Rf7+ Kh8 47. Rb7 Nc6 0-1

[Event "EU-ch 5th"]
[Site "Antalya"]
[Date "2004.05.16"]
[Round "2"]
[White "Asrian, Karen"]
[Black "Atakisi, Umut"]
[Result "1-0"]
[WhiteElo "2605"]
[BlackElo "2344"]
[Annotator "Rogozenco,D"]
[PlyCount "61"]
[EventDate "2004.05.15"]
[EventType "swiss"]
[EventRounds "13"]
[EventCountry "TUR"]
[SourceTitle "CBM 101"]
[Source "ChessBase"]
[SourceDate "2004.07.27"]
[SourceVersion "1"]
[SourceVersionDate "2004.07.27"]
[SourceQuality "1"]

1. e4 c5 2. Nf3 Nc6 3. d4 cxd4 4. Nxd4 Nf6 5. Nc3 e5 6. Ndb5 d6 7. Bg5 a6 8.
Na3 b5 9. Nd5 Be7 10. Nxe7 Nxe7 11. Bxf6 gxf6 12. c4 {As it is often the case,
when in main lines of an opening White has problems to find advantage, players
are looking for new ideas in sidelines. The present variation was never very
popular, since it was considered that Black can sacrifice a pawn and get
strong compensation. This is probably correct, but the whole line needs more
practical tests, which most likely will follow in the near future.} Bb7 (12...
Qa5+ {is not worse, although less ambitious.}) 13. cxb5 ({The alternative} 13.
Bd3 {was recently preferred by Anand:} bxc4 (13... Rg8 14. cxb5 Rxg2 15. bxa6
Bxa6 16. Bxa6 Rxa6 17. Qd3 Rc6 18. Nc4 Qc7 19. Ne3 Rg8 20. a4 $13 {1-0 Kharlov,
A-Khairullin,I/Tomsk 2004 (43)}) 14. Nxc4 d5 15. exd5 Qxd5 16. Qa4+ Kf8 (16...
Bc6 17. Qa3) 17. O-O-O $1 Qxg2 18. Rhg1 Qxf2 19. Qb4 Bf3 $6 20. Rgf1 Qg2 21.
Ne3 Qh3 22. Bf5 Qh5 23. Rd7 Re8 24. Bc2 $16 {1-0 Anand,V-Van Wely,L/Monte
Carlo (rapid) 2004 (36)}) 13... Bxe4 14. bxa6 (14. Qa4 $5) 14... O-O 15. Be2 d5
(15... Kh8 16. O-O Rg8 {was Nunn's choice in 1/2-1/2 Balzar,A-Nunn,J/Germany
2001 (52)}) 16. O-O Kh8 {Black obviously has lots of possibilities for active
play. His chances are at least not worse, although it is not trivial to create
concrete threats.} (16... Nc6 17. Nb5 d4 18. Rc1 Qd7 19. Nc3 Bf5 20. Na4 Qd6
21. Bg4 Bg6 22. f4 $36 {1/2-1/2 Hennigan,M-Nunn,J/London 1993 (33)}) 17. Kh1 d4
18. Bd3 Bg6 (18... Bxd3 $5 19. Qxd3 Qb6) 19. Rc1 Rg8 (19... e4 20. Bc4 f5 $13)
(19... Bxd3 20. Qxd3 Qb6 21. f4 {handles White the initiative.}) 20. Bc4 Nd5
21. Qb3 Nf4 22. g3 Qd7 $4 {A miscalculation. White takes the piece and defends
everything.} (22... Ne6 $1 {[%cal Ge6c5] Black has very good compensation for
the pawn. For instance:} 23. Qb4 ({After} 23. Nc2 {Black has at least} Nc5 24.
Qa3 Nxa6 25. Bxa6 Bxc2 26. Rxc2 Qb6) (23. Bxe6 fxe6 24. Qxe6 {[%csl Rf3,Rg2,
Rh3]} Bd3 $5 {[%cal Ga8a6]}) 23... e4 $44 {[%csl Rh1][%cal Gg6h5,Gh5f3,Ye6g5]}
(23... Nc7 $5)) 23. gxf4 $18 Be4+ 24. f3 Qh3 25. Rf2 {The only moves by White,
but they are just enough to win.} (25. Rc2 $4 d3 $19) 25... d3 26. fxe4 Qe3 27.
Qxd3 {The easiest way for a human - White returns partially the material and
reaches a technical win.} (27. Rcf1 Qxe4+ 28. Rf3) 27... Qxf2 28. Qe2 Qxf4 29.
Rf1 Qh4 30. Bd5 Rxa6 31. Qxa6 1-0

[Event "RUS-ch qual 57th"]
[Site "Tomsk"]
[Date "2004.05.25"]
[Round "3"]
[White "Dvoirys, Semen I"]
[Black "Yagupov, Igor"]
[Result "1-0"]
[WhiteElo "2612"]
[BlackElo "2441"]
[Annotator "Rogozenco,D"]
[PlyCount "65"]
[EventDate "2004.05.23"]
[EventType "swiss"]
[EventRounds "9"]
[EventCountry "RUS"]
[SourceTitle "CBM 102"]
[Source "ChessBase"]
[SourceDate "2004.09.23"]
[SourceVersion "1"]
[SourceVersionDate "2004.09.23"]
[SourceQuality "1"]

1. e4 c5 2. Nf3 Nc6 3. d4 cxd4 4. Nxd4 Nf6 5. Nc3 e5 6. Ndb5 d6 7. Bg5 a6 8.
Na3 b5 9. Bxf6 gxf6 10. Nd5 f5 11. c3 Bg7 12. exf5 Bxf5 13. Nc2 O-O 14. Be2 {
White simply wants to play an equal middlegame position. From the opening
point of view this variation is not ambitious at all. On the other hand
ambitious play against Sveshnikov Sicilian requires very hard preparation.} Be6
15. Qd2 Bxd5 $5 ({More natural is} 15... Rb8 16. Rd1 Qd7 17. O-O f5 18. f4 Kh8
19. Kh1 a5 $11 {0-1 Dvoirys,S-Jakovenko,D/Tomsk 2004 (40)}) 16. Qxd5 Ne7 17.
Qd2 d5 18. O-O f5 $6 (18... Rb8 $5 {[%csl Rb2][%cal Ga6a5,Gb8b2] Black must
combine active play with preventing opponent's intentions. It is more logical
to prevent a2-a4.}) 19. a4 $1 bxa4 20. Rxa4 a5 21. Kh1 (21. Rfa1 f4 $5 (21...
Rb8 22. Ne3 $14) (21... Qc7 22. b4 Rac8 $11) 22. b4 e4 $13) 21... Rc8 $6 {
The rook belongs to the b-file.} (21... Rb8 $142 22. Ne3 Kh8 {[%cal Gf5f4]} (
22... f4 23. Nxd5 $1) 23. f4 Qb6 {[%csl Rb2]} 24. Nxd5 Nxd5 25. Qxd5 Qxb2 26.
Ra2 Qxc3 27. fxe5 $11) 22. f4 e4 (22... Bh6 23. g3 {[%csl Rh6]}) 23. Rfa1 Rc5
24. Nd4 $14 {/+/-} Qb6 25. b4 $1 axb4 26. Rxb4 Qf6 27. Ra6 Qh4 $2 {Too
optimistical, although the position is already unpleasant for Black.} (27...
Qf7 28. Rb7 Rfc8 29. Raa7 Bf8 30. g4 $1 $16) 28. g3 $18 Qh3 29. Rb7 Rfc8 (29...
Re8 30. Ne6 $18 {[%csl Rh3][%cal Ge6g5]}) 30. Rxe7 Rxc3 31. Rxg7+ $1 Kxg7 32.
Ne6+ Kg8 33. Qxc3 $1 (33. Qxc3 Rxc3 34. Ra8+ Kf7 35. Ng5+) 1-0